<?xml version="1.0" encoding="UTF-8"?>
<record
    xmlns:xsi="http://www.w3.org/2001/XMLSchema-instance"
    xsi:schemaLocation="http://www.loc.gov/MARC21/slim http://www.loc.gov/standards/marcxml/schema/MARC21slim.xsd"
    xmlns="http://www.loc.gov/MARC21/slim">

  <leader>00484nam a22001457a 4500</leader>
  <controlfield tag="008">150608b        xxu||||| |||| 00| 0 eng d</controlfield>
  <datafield tag="020" ind1=" " ind2=" ">
    <subfield code="a">9789719515807</subfield>
  </datafield>
  <datafield tag="050" ind1=" " ind2=" ">
    <subfield code="a">PZ 590 .B811</subfield>
    <subfield code="b"> 2011</subfield>
  </datafield>
  <datafield tag="100" ind1=" " ind2=" ">
    <subfield code="a">Bradley, Pamela </subfield>
  </datafield>
  <datafield tag="245" ind1=" " ind2=" ">
    <subfield code="a">Heading into a different world </subfield>
    <subfield code="b">: ancient messages and present warnings /</subfield>
    <subfield code="c">Pamela Bradley </subfield>
  </datafield>
  <datafield tag="260" ind1=" " ind2=" ">
    <subfield code="a">Philippines </subfield>
    <subfield code="b">Waddage Corp. </subfield>
    <subfield code="c">2011</subfield>
  </datafield>
  <datafield tag="300" ind1=" " ind2=" ">
    <subfield code="a">110 p. </subfield>
    <subfield code="c">20 cm. </subfield>
  </datafield>
  <datafield tag="500" ind1=" " ind2=" ">
    <subfield code="a">Includes bibliography. </subfield>
  </datafield>
  <datafield tag="942" ind1=" " ind2=" ">
    <subfield code="2">lcc</subfield>
    <subfield code="c">BK</subfield>
    <subfield code="m">PZ 590 .B811 2011</subfield>
  </datafield>
  <datafield tag="999" ind1=" " ind2=" ">
    <subfield code="c">284792</subfield>
    <subfield code="d">284792</subfield>
  </datafield>
  <datafield tag="952" ind1=" " ind2=" ">
    <subfield code="0">0</subfield>
    <subfield code="1">0</subfield>
    <subfield code="2">lcc</subfield>
    <subfield code="4">0</subfield>
    <subfield code="a">LUX</subfield>
    <subfield code="b">LUX</subfield>
    <subfield code="c">FIL</subfield>
    <subfield code="d">2015-06-08</subfield>
    <subfield code="e">Donation </subfield>
    <subfield code="l">0</subfield>
    <subfield code="o">PZ 5.90 .B811 2011</subfield>
    <subfield code="p">19971</subfield>
    <subfield code="r">2015-06-24 00:00:00</subfield>
    <subfield code="w">2015-06-08</subfield>
    <subfield code="y">BK</subfield>
  </datafield>
  <datafield tag="952" ind1=" " ind2=" ">
    <subfield code="0">0</subfield>
    <subfield code="1">0</subfield>
    <subfield code="2">lcc</subfield>
    <subfield code="4">0</subfield>
    <subfield code="a">LUX</subfield>
    <subfield code="b">LUX</subfield>
    <subfield code="c">FIL</subfield>
    <subfield code="d">2015-06-08</subfield>
    <subfield code="e">Library Fund </subfield>
    <subfield code="l">0</subfield>
    <subfield code="o">PZ 590 .B811 2011</subfield>
    <subfield code="p">19972</subfield>
    <subfield code="r">2015-06-11 00:00:00</subfield>
    <subfield code="w">2015-06-08</subfield>
    <subfield code="y">BK</subfield>
  </datafield>
  <datafield tag="952" ind1=" " ind2=" ">
    <subfield code="0">0</subfield>
    <subfield code="1">0</subfield>
    <subfield code="2">lcc</subfield>
    <subfield code="4">0</subfield>
    <subfield code="a">LUX</subfield>
    <subfield code="b">LUX</subfield>
    <subfield code="c">FIL</subfield>
    <subfield code="d">2015-06-08</subfield>
    <subfield code="e">Library Fund </subfield>
    <subfield code="l">1</subfield>
    <subfield code="o">PZ 590 .B811 2011</subfield>
    <subfield code="p">19973</subfield>
    <subfield code="r">2019-02-18 00:00:00</subfield>
    <subfield code="s">2019-02-16</subfield>
    <subfield code="w">2015-06-08</subfield>
    <subfield code="y">BK</subfield>
  </datafield>
  <datafield tag="952" ind1=" " ind2=" ">
    <subfield code="0">0</subfield>
    <subfield code="1">0</subfield>
    <subfield code="2">lcc</subfield>
    <subfield code="4">0</subfield>
    <subfield code="a">LUX</subfield>
    <subfield code="b">LUX</subfield>
    <subfield code="c">IB</subfield>
    <subfield code="d">2015-06-08</subfield>
    <subfield code="e">Library Fund </subfield>
    <subfield code="l">0</subfield>
    <subfield code="o">PZ 590 .B811 2011</subfield>
    <subfield code="p">19974</subfield>
    <subfield code="r">2015-07-02 00:00:00</subfield>
    <subfield code="w">2015-06-08</subfield>
    <subfield code="y">BK</subfield>
  </datafield>
  <datafield tag="952" ind1=" " ind2=" ">
    <subfield code="0">0</subfield>
    <subfield code="1">0</subfield>
    <subfield code="2">lcc</subfield>
    <subfield code="4">0</subfield>
    <subfield code="a">LUX</subfield>
    <subfield code="b">LUX</subfield>
    <subfield code="c">FIL</subfield>
    <subfield code="d">2015-06-08</subfield>
    <subfield code="e">Library Fund </subfield>
    <subfield code="l">1</subfield>
    <subfield code="o">PZ 590 .B811 2011</subfield>
    <subfield code="p">19975</subfield>
    <subfield code="r">2024-12-04 00:00:00</subfield>
    <subfield code="s">2024-12-04</subfield>
    <subfield code="w">2015-06-08</subfield>
    <subfield code="y">BK</subfield>
  </datafield>
  <datafield tag="952" ind1=" " ind2=" ">
    <subfield code="0">0</subfield>
    <subfield code="1">0</subfield>
    <subfield code="2">lcc</subfield>
    <subfield code="4">0</subfield>
    <subfield code="a">LUX</subfield>
    <subfield code="b">LUX</subfield>
    <subfield code="c">FIL</subfield>
    <subfield code="d">2015-06-08</subfield>
    <subfield code="e">Library Fund </subfield>
    <subfield code="l">0</subfield>
    <subfield code="o">PZ 590 .B811 2011</subfield>
    <subfield code="p">19976</subfield>
    <subfield code="r">2015-06-08 00:00:00</subfield>
    <subfield code="w">2015-06-08</subfield>
    <subfield code="y">BK</subfield>
  </datafield>
  <datafield tag="952" ind1=" " ind2=" ">
    <subfield code="0">0</subfield>
    <subfield code="1">0</subfield>
    <subfield code="2">lcc</subfield>
    <subfield code="4">0</subfield>
    <subfield code="a">LUX</subfield>
    <subfield code="b">LUX</subfield>
    <subfield code="c">FIL</subfield>
    <subfield code="d">2015-06-08</subfield>
    <subfield code="e">Library Fund </subfield>
    <subfield code="l">0</subfield>
    <subfield code="o">PZ 590 .B811 2011</subfield>
    <subfield code="p">19977</subfield>
    <subfield code="r">2015-06-24 00:00:00</subfield>
    <subfield code="w">2015-06-08</subfield>
    <subfield code="y">BK</subfield>
  </datafield>
  <datafield tag="952" ind1=" " ind2=" ">
    <subfield code="0">0</subfield>
    <subfield code="1">0</subfield>
    <subfield code="2">lcc</subfield>
    <subfield code="4">0</subfield>
    <subfield code="a">LUX</subfield>
    <subfield code="b">LUX</subfield>
    <subfield code="c">FIL</subfield>
    <subfield code="d">2015-06-08</subfield>
    <subfield code="e">Library Fund </subfield>
    <subfield code="l">0</subfield>
    <subfield code="o">PZ 590 .B811 2011</subfield>
    <subfield code="p">19978</subfield>
    <subfield code="r">2015-06-08 00:00:00</subfield>
    <subfield code="w">2015-06-08</subfield>
    <subfield code="y">BK</subfield>
  </datafield>
  <datafield tag="952" ind1=" " ind2=" ">
    <subfield code="0">0</subfield>
    <subfield code="1">0</subfield>
    <subfield code="2">lcc</subfield>
    <subfield code="4">0</subfield>
    <subfield code="a">LUX</subfield>
    <subfield code="b">LUX</subfield>
    <subfield code="c">FIL</subfield>
    <subfield code="d">2015-06-08</subfield>
    <subfield code="e">Library Fund </subfield>
    <subfield code="l">0</subfield>
    <subfield code="o">PZ 590 .B811 2011</subfield>
    <subfield code="p">19979</subfield>
    <subfield code="r">2016-04-26 00:00:00</subfield>
    <subfield code="w">2015-06-08</subfield>
    <subfield code="y">BK</subfield>
  </datafield>
  <datafield tag="952" ind1=" " ind2=" ">
    <subfield code="0">0</subfield>
    <subfield code="1">0</subfield>
    <subfield code="2">lcc</subfield>
    <subfield code="4">0</subfield>
    <subfield code="a">LUX</subfield>
    <subfield code="b">LUX</subfield>
    <subfield code="c">FIL</subfield>
    <subfield code="d">2015-06-08</subfield>
    <subfield code="e">Library Fund </subfield>
    <subfield code="l">0</subfield>
    <subfield code="o">PZ 590 .B811 2011</subfield>
    <subfield code="p">19980</subfield>
    <subfield code="r">2015-06-08 00:00:00</subfield>
    <subfield code="w">2015-06-08</subfield>
    <subfield code="y">BK</subfield>
  </datafield>
</record>
